00238nam a2200085 a 450000500170000000800410001705000170005824500400007526000370011520140414131910.0101012s19uu xx 00 eng d aERbC83 2002 aCount all the way to sesame street. aNew York :bGolden Book,c2002.